| 000 | 00566nam a2200181 4500 | ||
|---|---|---|---|
| 003 | CO-ViMGA | ||
| 040 |
_aCO-ViMGA _bspa _cCO-ViMGA |
||
| 082 | 0 | 4 |
_aI932 _bH65v |
| 100 | 1 |
_aHoltei, Christa ; Jakobs, Gûnther _91911 |
|
| 245 | 1 | 0 |
_aVisitemos a los egipcios _cCHRISTA HOLTEI; GÜNTHER JAKOBS |
| 260 |
_aBarcelona : _bJuventud, _c2011 |
||
| 300 |
_a32 p. ; _bil. ; 21 cm |
||
| 490 | _aViaje al pasado | ||
| 650 | 1 | 4 |
_aEgipto - Libros ilustrados para niños _91912 |
| 700 | 1 |
_aJakobs, Gunther, _eil. _91913 |
|
| 700 | 1 |
_aReyes, Christiane, _etr. _91914 |
|
| 942 |
_2ddc _cBK |
||
| 999 |
_c33635 _d33635 |
||